| 000 | 00734nam a2200229Ia 4500 | ||
|---|---|---|---|
| 001 | 15998 | ||
| 003 | GE_BSU | ||
| 008 | 181216s||||||||xx |||||||||||||| ||und|| | ||
| 040 | _cGE_BSU | ||
| 080 | _a821.353.1-2 | ||
| 100 | _aჯაფარიძე, მიხეილ | ||
| 245 | _aჟამთაბერის ასული | ||
| 245 | _bპიესა 5 მოქმედებად | ||
| 245 | _cრედ. რ.გვეტაძე | ||
| 260 | _aთბილისი | ||
| 260 | _bსაბჭ. მწერალი | ||
| 260 | _c1946 | ||
| 300 | _a124გვ. ; 17სმ | ||
| 653 | _aპიესა 5 მოქმედებად | ||
| 653 | _aჟამთაბერის ასული | ||
| 942 | _cBK | ||
| 999 |
_c49091 _d49091 |
||